000 00697nam a2200205 i 4500
001 188965
003 ES-MaACL
005 20250824212439.0
008 190306s1964 sp |||| | spa d
100 1 _aNapoleoni, Claudio.
_984913
245 1 3 _aEl pensamiento económico en el siglo XX /
_cClaudio Napoleoni ; [versión, Alejandro Pedrós Abelló].
260 _aBarcelona :
_bOccidente,
_c1964.
300 _a183 p. ;
_c22 cm.
490 1 _aLibros de economía Oikos ;
_v3
650 0 4 _aEconomía-
_yS.XX.
_912017
700 1 _aPedrós Abello, Alejandro.
_989942
830 1 0 _aLibros de economía Oikos
_v3
_9193243
852 _aES-MaACL
_jP-522-Ter-3
999 _c188965
_d188965